Finish the Band - Click Quiz - Statistics

General Stats
  • This quiz has been taken 515 times
  • The average score is 16 of 20
Answer Stats
Hint Answer % Correct
Foo Fighters
97%
Arctic Monkeys
97%
Rolling Stones
95%
Pink Floyd
92%
Beastie Boys
91%
Lynyrd Skynyrd
91%
Sex Pistols
90%
Black Sabbath
89%
Pearl Jam
87%
Talking Heads
84%
Status Quo
84%
White Stripes
78%
Primal Scream
69%
Hot Chocolate
63%
Divine Comedy
63%
Thin Lizzy
63%
Simply Red
62%
Flaming Lips
60%
Dr Hook
59%
Style Council
57%
No matching quizzes found
Score Distribution
Percent of People with Each Score
Percentile by Number Answered
Your Score History
You have not taken this quiz